00994 2200349 4500001002100000005001500021035002000036007000300056008004100059020002200100040002200122082001500144084001700159090002100176090002100197090001900218100002500237245007400262250003200336300002800368650002200396700002800418850001200446041000800458264004200466336002100508337003000529338002300559999002100582990002100603990002000624INLIS00000000084855920191213094149 a0010-0619000514ta190620s2019 yoi gr| p ind|d a978-602-53727-2-8 aYOPDYOGbinderda04223a808.81 a808.81 SUH k aDEP 808.81 SUH k aCB-D.11 2019-342 aT 808.81 SUH k1 aSuharti, R.epenulis10aKumpulan puisi impian /cpenulis, R. Suharti; editor, Sri Widiyaretno aCetakan pertama, Maret 2019 avi, 40 halaman ;c21 cm 4aPuisi--xKumpulan0 aSri Widiyaretnoeeditor aYOPDYOG0 aind31aYogyakarta :bSmartmedia Utama,c2019 2rdacontentateks 2rdamediaatanpa perantara 2rdacarrieravolume aCB-D.11/2019-342 aCB-D.11/2019-342 a63757-PD/A.2019